LEADER 01187cam0-22004331i-450- 001 990001319170403321 005 20060804103109.0 010 $a0-387-97272-2 035 $a000131917 035 $aFED01000131917 035 $a(Aleph)000131917FED01 035 $a000131917 100 $a20001205d1990----km-y0itay50------ba 101 0 $aeng 102 $aUS 105 $aaf------001yy 200 1 $aMeasure, topology, and fractal geometry$fGerald A. Edgar 210 $aNew York$cSpringer Verlag$d1990 215 $aIX, 230 p., [8] c. di tav.$cill.$d26 cm 225 1 $aUndergraduate texts in mathematics 300 $aA. 610 0 $aFrattali 610 0 $aGeometria 610 0 $aTopologia 610 0 $aTeoria della misura e dell'integrazione 676 $a514.74$v21$zita 676 $a514 700 1$aEdgar,$bGerald A.$059764 801 0$aIT$bUNINA$gRICA$2UNIMARC 901 $aBK 912 $a990001319170403321 952 $aC-4-(48$b7900$fMA1 952 $aC-4-(48/BIS$b17015$fMA1 952 $aMXXVI-D-54$b3565$fMAS 959 $aMA1 959 $aMAS 962 $a28A80 996 $aMeasure, topology, and fractal geometry$983055 997 $aUNINA LEADER 01611nam0 22003133i 450 001 SUN0114708 005 20180208034336.608 010 $a8-88-17-07006-5$d0.00 100 $a20180208d2013 |0itac50 ba 101 $aita 102 $aIT 105 $a|||| ||||| 200 1 $a*1914$ecome la luce si spense sul mondo di ieri$fMargaret MacMillan$gtraduzione di Francesco Peri. - Milano$eRizzoli, 2013 210 $a778 p.$cill. ; 24 cm. 410 1$1001SUN0107153$12001 $aI *sestanti$fcollana diretta da Paolo Mieli$1210 $aMilano$cRizzoli. 606 $aGuerra mondiale 1914-1918$xCause$2SP$3SUNC033926 620 $dMilano$3SUNL000284 676 $a940.311$cStoria sociale, politica, economica della prima guerra mondiale. Cause$v22 700 1$aMacMillan$b, Margaret$3SUNV088747$0561713 702 1$aPeri$b, Francesco$3SUNV088748$4730 712 $aRizzoli$3SUNV000281$4650 801 $aIT$bSOL$c20181109$gRICA 912 $aSUN0114708 950 $aUFFICIO DI BIBLIOTECA DEL DIPARTIMENTO DI SCIENZE POLITICHE JEAN MONNET$d04 CONS VI.A.a.232 $e04 OMA1508 950 $aUFFICIO DI BIBLIOTECA DEL DIPARTIMENTO DI LETTERE E BENI CULTURALI$d07 CONS Ve 1361 $e07 UBL889 995 $aUFFICIO DI BIBLIOTECA DEL DIPARTIMENTO DI SCIENZE POLITICHE JEAN MONNET$gOMA$h1508$kCONS VI.A.a.232$op$qa 995 $aUFFICIO DI BIBLIOTECA DEL DIPARTIMENTO DI LETTERE E BENI CULTURALI$bIT-CE0103$gUBL$h889$kCONS Ve 1361$oc$qa 996 $a1914$91397832 997 $aUNICAMPANIA